| 000 | 00416nam a22001337a 4500 | ||
|---|---|---|---|
| 005 | 20251030124526.0 | ||
| 008 | 251030b |||||||| |||| 00| 0 eng d | ||
| 050 | _aRT85.5 NUR | ||
| 110 | _aLewin-VHI, Inc. | ||
| 245 |
_aNursing Report Card for Acute Care Settings _cprepared by Lewin-VHI, Inc. |
||
| 260 |
_aWashington _bAmerican Nurses Publishing _c1995 |
||
| 300 |
_axi. mixed paging _bill. _c28cm |
||
| 942 |
_2lcc _cBK _n0 |
||
| 999 |
_c7955 _d7955 |
||